Η σπηλιά του Πυθαγόρα = The cave/spilaeon of Pythagoras

Αποθηκεύτηκε σε:
Λεπτομέρειες βιβλιογραφικής εγγραφής
Κύριος συγγραφέας: Κλουβάτος, Δημήτριος Κ.
Μορφή: Βιβλίο
Γλώσσα:Greek
Δημοσίευση: Καρλόβασι, Σάμος : [χ.ό], 2011.
Θέματα:
Ετικέτες: Προσθήκη ετικέτας
Δεν υπάρχουν, Καταχωρήστε ετικέτα πρώτοι!

MARC

LEADER 00000cam a2200000 i 4500
001 1/16293
008 111108s2011####gr | | ||| |||| ||gre||
035 |l 10111301 
040 |a GR-MyUA  |b gre  |e AACR2 
041 0 |a gre 
082 0 |a 938.27   |2 (22)  
100 1 |a Κλουβάτος, Δημήτριος Κ. 
245 1 2 |a Η σπηλιά του Πυθαγόρα =   |b The cave/spilaeon of Pythagoras /   |c Δημητρίου Κίμωνος Κλουβάτου.  
246 1 |i Παράλληλος τίτλος:   |a The cave/spileon of Pythagoras.  
260 |a Καρλόβασι, Σάμος :   |b [χ.ό],   |c 2011.  
300 |a 64 σ. ;   |c 21 εκ.  
650 0 0 |a Caves  |z Greece  |z Samos (Municipality) 
651 0 |a Samos (Greece : Municipality)  |x History. 
852 |a INST  |b SAMOS  |e 20111108  |h 938.27 ΚΛΟ  |p 005300032389  |q 005300032389  |t BK  |y 0 
852 |a INST  |b SAMOS  |e 20111108  |h 938.27 ΚΛΟ  |p 005300032390  |q 005300032390  |t BK  |y 0 
901 |a BIBL3-2011-2 
909 |a Σ  |b 171776 
909 |a Σ  |b 171775 
970 |a ΓΟΥΒΑΛΑ  |b ΒΑΣΩ  |z 2011/11/08